000
00279nam a22001217a 4500
008
170829b xxu||||| |||| 00| 0 eng d
041
_a
eng
080
_2
3 ED
_a
070
100
_a
39
101
_a
MED
245
_a
THE ART OF PUBLIC SPEAKING
_c
LUCAS.S.E
942
_2
udc
_c
BK
999
_c
25248
_d
25248